1351 1208 1495 1682 1804 1633 1776 1965 1668 1836 1249 1743 1033 1472 1075 1102 1699 1145 1724 1443 1328 1613 1482 1722 1212 1745 1290 1498 1027 1489 1606 1530 1902 1499 1502 1152 1017 1933 1343 1651 1211 1017 1884 1826 1485 1014 1906 1395 1218 1432 1836 1550 1351 1354 1137 1249 1399 1850 1781 1194 1991 1356 1752 1703 1645 1692 1720 1334 1725 1764 1692 1209 1279 1374 1735 1326 1777 1621 1434 1500 1459 1560 1433 1249 1583 1018 1027 1366 1287 1367 1309 1747 1376 1616 1693 1890 1306 1331 1344 BCNSPRNW ULIB Ver.6.0+V

เปลี่ยนเป็นภาษาไทย

Change to English
 แสดงรายละเอียดบรรณานุกรม
  กลับหน้าหลัก

Brief Record : Get Marc (ISO 2709) : E-mail record : QR code < ปิดหน้าต่าง
LEADER : 00000nam 2200000uu 4500
001    13399121209
003     ULIB
008    121108s2551||||th 000 0 tha d
099    วจ.LB1060^bก814ก
100 0  เกษร โพธิ์สุวรรณ
245 00 การจัดการความรู้ของห้องสมุดวิทยาลัยพยาบาล ในสังกัดสถาบันพระบรมราชชนก กระทรวงสาธารณสาธารณสุข
260    กรุงเทพฯ:^c2551
945    ^p0^l0^i025767
999    ^aใช้งานได้ทุกระบบ
รายการนี้ยังไม่มีแท็ก
คุณยังไม่ได้ล็อกอิน คุณสามารถมีกิจกรรมร่วมกับเว็บไซต์ได้ แต่ต้องล็อกอินก่อน ::
  ล็อกอิน

รายการสื่อสารสนเทศ

ลำดับที่ ประเภท เลขเรียก/บาร์โค้ด สถานที่ สถานะ
1. วิทยาศาสตร์การแพทย์ และสุขภาพ
วิทยาศาสตร์การแพทย์ และสุขภาพ
วจ.LB1060 ก814ก  
  Barcode: 025767
ห้องสมุดวิทยาเขตสวรรค์ประชารักษ์
►หนังสือทั่วไป
ถูกยืม กำหนดส่งวันที่ 6 มกราคม 2556
  จอง

BibComment


ยังไม่เคยถูกคอมเมนท์

คอมเมนท์ทรัพยากรรายการนี้
  คอมเมนท์: การจัดการความรู้ข..


 Copyright 2026. Bcnsprnw @Library